| 000 | 00668cam a22002174a 4500 | ||
|---|---|---|---|
| 001 | 12835979 | ||
| 005 | 20250728154801.0 | ||
| 008 | 020628s2002 enk b 001 0 eng | ||
| 020 |
_a0851117791 _qUK |
||
| 020 |
_a0830825053 _qUS |
||
| 020 |
_a9780851117799 _q(UK) |
||
| 020 |
_a9780830825059 _q(US) |
||
| 050 | 0 | 0 |
_aBS1275.53 _b.M33 2002 |
| 082 | 0 | 0 |
_a222/.15077 _221 |
| 100 | 1 |
_aMcConville, J. G. _q(J. Gordon) |
|
| 245 | 1 | 0 |
_aDeuteronomy / _cJ.G. McConville. |
| 260 |
_aLeicester, England : _bApollos ; _aDowners Grove, Ill. : _bInterVarsity Press, _cc2002. |
||
| 300 |
_a544 p. ; _c24 cm. |
||
| 440 | 0 |
_aApollos Old Testament commentary ; _v5 |
|
| 942 |
_2lcc _cREF _n0 |
||
| 999 |
_c7196 _d7196 |
||